Проблемы автономного электроснабжения объектов; Электромеханические преобразователи энергии

Detalhes bibliográficos
Parent link:Электромеханические преобразователи энергии.— 2009.— С. 540
Autor principal: Волчанский А. В.
Outros Autores: Кабышев А. В. (научный руководитель)
Idioma:russo
Publicado em: 2009
Assuntos:
Formato: Capítulo de Livro
KOHA link:https://koha.lib.tpu.ru/cgi-bin/koha/opac-detail.pl?biblionumber=197090

MARC

LEADER 00000naa2a2200000 4500
001 197090
005 20231031183330.0
035 |a (RuTPU)RU\TPU\book\214988 
090 |a 197090 
100 |a 20110606d2009 k y0rusy50 ca 
101 0 |a rus 
102 |a RU 
200 1 |a Проблемы автономного электроснабжения объектов  |f А. В. Волчанский  |g науч. рук. А. В. Кабышев 
463 0 |0 (RuTPU)RU\TPU\book\208678  |t Электромеханические преобразователи энергии  |o материалы IV Международной научно-технической конференции, 13-16 октября 2009 г., Томск  |f Российский фонд фундаментальных исследований (РФФИ) ; Томская область, Администрация ; Томский политехнический университет   |v С. 540  |d 2009  |p 556 с. 
610 1 |a электроснабжение 
610 1 |a автономное электроснабжение 
610 1 |a труды учёных ТПУ 
700 1 |a Волчанский  |b А. В. 
702 1 |a Кабышев  |b А. В.  |4 727 
801 1 |a RU  |b 63413507  |c 20110606 
942 |c BK